00625nam a2200193Ia 4500008004100000020001500041082001700056100002300073245006200096250000800158260004600166300002800212500001900240600001500259650001500274942000700289952012000296999001500416240925s9999 xx 000 0 und d a8178085631 a658.4038 LAU aLaudon, Kenneth C. 0aManagement Information Systems: managing the digital firm a7th aNew Delhi:bPearson Printice Hallc,2002. axxii,665p.bNAfPirated aIncludes Index aManagement aManagement cBK 001040708MANaUITUbUITUd2002-08-19eF.B.Cg595.00l0o658.4038 LAUpQ4515r2024-09-25 07:13:32w2024-09-25yBK c7014d7014